[Event "World Youth & Cadets Rapid Championships"]
[Site "Rhodes, Greece"]
[Date "2022.05.01"]
[Round "4.30"]
[White "Pathak, Raghav"]
[Black "Stoyanov, Victor"]
[Result "1-0"]
[TimeControl "10'/game & 5\"/move"]
[WhiteElo "1415"]
[BlackElo "1183"]

1. e4 {[%clk 00:10:09]} c5 {[%clk 00:10:09]} {[%emt 00:00:01]} 2. Nc3 {[%clk
00:10:11]} {[%emt 00:00:02]} e6 {[%clk 00:10:13]} {[%emt 00:00:02]} 3. f4
{[%clk 00:10:15]} {[%emt 00:00:01]} a6 {[%clk 00:10:12]} {[%emt 00:00:07]} 4.
Nf3 {[%clk 00:10:18]} {[%emt 00:00:01]} Qc7 {[%clk 00:10:12]} {[%emt 00:00:06]}
5. e5 {[%clk 00:10:14]} {[%emt 00:00:08]} d6 {[%clk 00:10:03]} {[%emt
00:00:15]} 6. exd6 {[%clk 00:10:12]} {[%emt 00:00:07]} Bxd6 {[%clk 00:10:05]}
{[%emt 00:00:03]} 7. f5 {[%clk 00:10:10]} {[%emt 00:00:06]} exf5 {[%clk
00:09:54]} {[%emt 00:00:16]} 8. Be2 {[%clk 00:10:14]} {[%emt 00:00:01]} Nf6
{[%clk 00:09:54]} {[%emt 00:00:05]} 9. O-O {[%clk 00:10:17]} {[%emt 00:00:02]}
O-O {[%clk 00:09:41]} {[%emt 00:00:18]} 10. d3 {[%clk 00:10:20]} {[%emt
00:00:02]} Nc6 {[%clk 00:09:20]} {[%emt 00:00:27]} 11. h3 {[%clk 00:10:24]}
{[%emt 00:00:01]} b5 {[%clk 00:09:04]} {[%emt 00:00:21]} 12. Bg5 {[%clk
00:10:27]} Be7 {[%clk 00:08:39]} {[%emt 00:00:31]} 13. Bxf6 {[%clk 00:10:26]}
{[%emt 00:00:05]} Bxf6 {[%clk 00:08:41]} {[%emt 00:00:02]} 14. Nd5 {[%clk
00:10:30]} {[%emt 00:00:02]} Qd8 {[%clk 00:08:35]} {[%emt 00:00:12]} 15. Nxf6+
{[%emt 00:00:11]} Qxf6 {[%clk 00:08:33]} {[%emt 00:00:05]} 16. c3 {[%clk
00:10:28]} {[%emt 00:00:03]} Bb7 {[%clk 00:08:11]} {[%emt 00:00:27]} 17. Qe1
{[%clk 00:10:30]} {[%emt 00:00:02]} Rfe8 {[%clk 00:08:13]} {[%emt 00:00:04]} 18.
Qf2 {[%clk 00:10:33]} {[%emt 00:00:01]} Qd6 {[%clk 00:08:04]} {[%emt 00:00:14]}
19. Nh4 {[%clk 00:10:21]} {[%emt 00:00:17]} Qe5 {[%clk 00:07:16]} {[%emt
00:00:53]} 20. Rae1 {[%clk 00:10:03]} {[%emt 00:00:23]} Qd5 {[%clk 00:06:49]}
{[%emt 00:00:32]} 21. Nxf5 {[%clk 00:09:59]} {[%emt 00:00:09]} f6 {[%clk
00:06:15]} {[%emt 00:00:41]} 22. Qg3 {[%clk 00:09:57]} {[%emt 00:00:03]} g6
{[%clk 00:05:34]} {[%emt 00:00:50]} 23. Nh6+ {[%clk 00:09:50]} {[%emt
00:00:11]} Kg7 {[%clk 00:05:06]} {[%emt 00:00:34]} 24. Nf5+ {[%clk 00:09:53]}
{[%emt 00:00:01]} Kg8 {[%clk 00:04:51]} {[%emt 00:00:20]} 25. Nd6 {[%clk
00:09:44]} {[%emt 00:00:13]} Re7 {[%clk 00:04:11]} {[%emt 00:00:47]} 26. Nxb7
{[%clk 00:09:46]} {[%emt 00:00:02]} Rxb7 {[%clk 00:04:13]} {[%emt 00:00:04]} 27.
Bg4 {[%clk 00:09:46]} Kg7 {[%clk 00:03:55]} {[%emt 00:00:27]} 28. Qh4 {[%clk
00:09:33]} {[%emt 00:00:14]} Rf8 {[%clk 00:03:31]} {[%emt 00:00:31]} 29. Bf3
{[%clk 00:09:08]} {[%emt 00:00:30]} Qd6 {[%clk 00:03:04]} {[%emt 00:00:33]} 30.
Qg4 {[%clk 00:08:56]} {[%emt 00:00:14]} Ne5 {[%clk 00:02:57]} {[%emt 00:00:16]}
31. Qe4 {[%clk 00:08:52]} {[%emt 00:00:07]} Re7 {[%clk 00:02:40]} {[%emt
00:00:23]} 32. Qd5 {[%clk 00:08:47]} {[%emt 00:00:10]} Qxd5 {[%clk 00:02:43]}
{[%emt 00:00:02]} 33. Bxd5 {[%clk 00:08:50]} Rd7 {[%clk 00:02:40]} {[%emt
00:00:10]} 34. Be4 {[%clk 00:08:18]} {[%emt 00:00:36]} Nxd3 {[%clk 00:02:27]}
{[%emt 00:00:19]} 35. Rd1 {[%clk 00:08:22]} {[%emt 00:00:02]} c4 {[%clk
00:02:30]} {[%emt 00:00:02]} 36. b3 {[%clk 00:08:20]} {[%emt 00:00:07]} Rfd8
{[%clk 00:02:28]} {[%emt 00:00:08]} 37. bxc4 {[%clk 00:08:21]} {[%emt
00:00:03]} bxc4 {[%clk 00:02:31]} {[%emt 00:00:01]} 38. Bc6 {[%clk 00:08:15]}
{[%emt 00:00:11]} Rd6 {[%clk 00:02:33]} {[%emt 00:00:04]} 39. Bf3 {[%clk
00:08:09]} {[%emt 00:00:09]} Ne5 {[%clk 00:02:31]} {[%emt 00:00:08]} 40. Be2
{[%clk 00:08:10]} {[%emt 00:00:03]} Rxd1 {[%clk 00:02:34]} {[%emt 00:00:03]} 41.
Rxd1 {[%clk 00:08:12]} {[%emt 00:00:03]} Rxd1+ {[%clk 00:02:38]} {[%emt
00:00:02]} 42. Bxd1 {[%clk 00:08:16]} Kf7 {[%clk 00:02:40]} {[%emt 00:00:04]}
43. Kf2 {[%clk 00:08:20]} {[%emt 00:00:01]} Ke6 {[%clk 00:02:44]} 44. Ke3
{[%clk 00:08:24]} Kd5 {[%clk 00:02:42]} {[%emt 00:00:08]} 45. a4 {[%clk
00:08:17]} {[%emt 00:00:12]} a5 {[%clk 00:02:37]} {[%emt 00:00:10]} 46. Bc2
{[%clk 00:08:18]} {[%emt 00:00:03]} h5 {[%clk 00:02:31]} {[%emt 00:00:12]} 47.
Be4+ {[%clk 00:08:20]} {[%emt 00:00:03]} Kc5 {[%clk 00:02:29]} {[%emt
00:00:07]} 48. Bc2 {[%clk 00:08:19]} {[%emt 00:00:05]} g5 {[%clk 00:02:21]}
{[%emt 00:00:13]} 49. Bd1 {[%clk 00:08:18]} {[%emt 00:00:05]} h4 {[%clk
00:02:19]} {[%emt 00:00:09]} 50. Ke4 {[%clk 00:08:16]} {[%emt 00:00:03]} Kd6
{[%clk 00:02:18]} {[%emt 00:00:09]} 51. Kd4 {[%clk 00:08:09]} {[%emt 00:00:12]}
Kc6 {[%clk 00:02:19]} {[%emt 00:00:05]} 52. Be2 {[%clk 00:08:10]} {[%emt
00:00:03]} g4 {[%clk 00:02:10]} {[%emt 00:00:15]} 53. hxg4 {[%clk 00:08:12]}
{[%emt 00:00:01]} Kd6 {[%clk 00:02:08]} {[%emt 00:00:08]} 54. Bd1 {[%clk
00:08:07]} {[%emt 00:00:10]} Kc6 {[%clk 00:01:51]} {[%emt 00:00:22]} 55. g5
{[%clk 00:08:08]} {[%emt 00:00:04]} Nd7 {[%clk 00:01:44]} {[%emt 00:00:13]} 56.
g6 {[%clk 00:08:05]} {[%emt 00:00:06]} Nf8 {[%clk 00:01:01]} {[%emt 00:00:49]}
57. g7 {[%clk 00:08:09]} {[%emt 00:00:02]} Ne6+ {[%clk 00:01:05]} {[%emt
00:00:01]} 58. Kxc4 {[%clk 00:08:11]} {[%emt 00:00:02]} Nxg7 {[%clk 00:01:08]}
{[%emt 00:00:02]} 59. Bf3+ {[%clk 00:08:12]} {[%emt 00:00:04]} Kb6 {[%clk
00:01:10]} {[%emt 00:00:04]} 60. Kd5 {[%clk 00:08:15]} {[%emt 00:00:01]} f5
{[%clk 00:01:13]} {[%emt 00:00:02]} 61. c4 {[%clk 00:08:19]} {[%emt 00:00:02]}
Ka6 {[%emt 00:00:11]} 62. c5 {[%clk 00:08:22]} Kb7 {[%clk 00:01:11]} {[%emt
00:00:02]} 63. Kd6+ {[%clk 00:08:25]} {[%emt 00:00:01]} Ka7 {[%clk 00:01:11]}
{[%emt 00:00:05]} 64. c6 {[%clk 00:08:28]} {[%emt 00:00:02]} Kb8 {[%clk
00:01:15]} {[%emt 00:00:02]} 65. Kd7 {[%clk 00:08:32]} {[%emt 00:00:01]} Ne8
{[%clk 00:00:40]} {[%emt 00:00:40]} 66. Kxe8 {[%clk 00:08:32]} {[%emt
00:00:03]} Kc7 {[%clk 00:00:45]} {[%emt 00:00:02]} 67. Ke7 {[%clk 00:08:36]}
{[%emt 00:00:01]} f4 {[%clk 00:00:47]} {[%emt 00:00:03]} 68. Ke6 {[%clk
00:08:38]} {[%emt 00:00:03]} Kc8 {[%clk 00:00:43]} {[%emt 00:00:09]} 69. Kd6
{[%clk 00:08:40]} {[%emt 00:00:02]} h3 {[%clk 00:00:43]} {[%emt 00:00:05]} 70.
gxh3 {[%clk 00:08:43]} {[%emt 00:00:02]} Kb8 {[%clk 00:00:47]} {[%emt
00:00:02]} 71. c7+ {[%clk 00:08:47]} {[%emt 00:00:01]} Kc8 {[%clk 00:00:48]} 72.
Bg4+ {[%clk 00:08:50]} {[%emt 00:00:05]} Kb7 {[%clk 00:00:50]} {[%emt
00:00:03]} 73. c8=Q+ {[%emt 00:00:03]} Kb6 {[%clk 00:00:54]} 74. Qc5+ {[%clk
00:08:55]} {[%emt 00:00:01]} Ka6 {[%clk 00:00:57]} {[%emt 00:00:02]} 75. Bc8#
{[%clk 00:10:05]} {[%emt 00:00:08]} 1-0

[Event "World Youth & Cadets Rapid Championships"]
[Site "Rhodes, Greece"]
[Date "2022.05.01"]
[Round "4.31"]
[White "Hryzlova, Sofiia"]
[Black "Czarnecka, Lidia"]
[Result "0-1"]
[TimeControl "10'/game & 5\"/move"]
[WhiteElo "2011"]
[BlackElo "1917"]

1. d4 {[%clk 00:10:08]} {[%emt 00:00:01]} d5 {[%clk 00:10:09]} {[%emt
00:00:02]} 2. c4 {[%clk 00:10:10]} {[%emt 00:00:02]} c6 {[%clk 00:10:13]}
{[%emt 00:00:01]} 3. Nf3 {[%clk 00:10:12]} {[%emt 00:00:03]} Nf6 {[%clk
00:10:17]} {[%emt 00:00:02]} 4. Nbd2 {[%clk 00:10:15]} {[%emt 00:00:02]} Bg4
{[%clk 00:10:13]} {[%emt 00:00:07]} 5. h3 {[%clk 00:10:11]} {[%emt 00:00:11]}
Bf5 {[%clk 00:09:46]} {[%emt 00:00:31]} 6. Nh4 {[%clk 00:10:08]} {[%emt
00:00:08]} Be6 {[%clk 00:09:26]} {[%emt 00:00:25]} 7. e3 {[%clk 00:10:05]}
{[%emt 00:00:09]} g6 {[%clk 00:09:15]} {[%emt 00:00:16]} 8. b3 {[%clk
00:10:07]} {[%emt 00:00:02]} Bg7 {[%clk 00:09:19]} {[%emt 00:00:02]} 9. Bb2
{[%clk 00:10:10]} {[%emt 00:00:02]} O-O {[%clk 00:09:21]} {[%emt 00:00:03]} 10.
Bd3 {[%clk 00:10:11]} {[%emt 00:00:04]} Nfd7 {[%clk 00:09:09]} {[%emt
00:00:16]} 11. O-O {[%clk 00:10:00]} {[%emt 00:00:16]} f5 {[%clk 00:09:11]}
{[%emt 00:00:03]} 12. f4 {[%clk 00:09:26]} {[%emt 00:00:40]} Nf6 {[%clk
00:08:37]} {[%emt 00:00:38]} 13. Ndf3 {[%clk 00:08:29]} {[%emt 00:01:02]} Ne4
{[%clk 00:08:40]} {[%emt 00:00:02]} 14. Ne5 {[%clk 00:08:19]} {[%emt 00:00:15]}
Nd7 {[%clk 00:08:22]} {[%emt 00:00:23]} 15. Nhf3 {[%clk 00:07:10]} {[%emt
00:01:14]} Ndf6 {[%clk 00:08:12]} {[%emt 00:00:16]} 16. Qe1 {[%clk 00:07:02]}
{[%emt 00:00:12]} Rc8 {[%clk 00:07:20]} {[%emt 00:00:57]} 17. Rc1 {[%clk
00:06:40]} {[%emt 00:00:27]} Qb6 {[%clk 00:06:53]} {[%emt 00:00:32]} 18. Ba3
{[%clk 00:06:10]} {[%emt 00:00:35]} Rfe8 {[%clk 00:06:35]} {[%emt 00:00:23]} 19.
c5 {[%clk 00:04:53]} {[%emt 00:01:23]} Qc7 {[%clk 00:06:33]} {[%emt 00:00:06]}
20. b4 {[%clk 00:04:54]} {[%emt 00:00:05]} a6 {[%clk 00:06:29]} {[%emt
00:00:09]} 21. Bb2 {[%clk 00:04:52]} {[%emt 00:00:06]} Nh5 {[%clk 00:05:48]}
{[%emt 00:00:47]} 22. g4 {[%clk 00:02:49]} {[%emt 00:02:08]} Nhg3 {[%clk
00:05:33]} {[%emt 00:00:20]} 23. Rf2 {[%clk 00:02:50]} {[%emt 00:00:04]} Nxf2
{[%clk 00:05:17]} {[%emt 00:00:21]} 24. Qxf2 {[%clk 00:02:52]} {[%emt
00:00:03]} Ne4 {[%clk 00:05:20]} {[%emt 00:00:02]} 25. Bxe4 {[%clk 00:02:48]}
{[%emt 00:00:08]} dxe4 {[%clk 00:02:54]} {[%emt 00:02:31]} 26. Ng5 {[%clk
00:02:50]} {[%emt 00:00:03]} Bd5 {[%clk 00:02:56]} {[%emt 00:00:03]} 27. Nxg6
{[%clk 00:01:49]} {[%emt 00:01:06]} hxg6 {[%clk 00:00:57]} {[%emt 00:02:04]} 28.
Qh4 {[%clk 00:01:51]} {[%emt 00:00:02]} e6 {[%clk 00:00:20]} {[%emt 00:00:44]}
29. Qh7+ {[%clk 00:01:49]} {[%emt 00:00:07]} Kf8 {[%clk 00:00:24]} 30. Qxg6
{[%clk 00:01:49]} {[%emt 00:00:05]} Qe7 {[%clk 00:00:29]} 31. gxf5 {[%clk
00:01:40]} {[%emt 00:00:14]} exf5 {[%clk 00:00:32]} {[%emt 00:00:02]} 32. Qxf5+
{[%clk 00:01:42]} {[%emt 00:00:03]} Kg8 {[%clk 00:00:34]} {[%emt 00:00:04]} 33.
Kf2 {[%clk 00:01:27]} {[%emt 00:00:20]} Qf6 {[%clk 00:00:38]} 34. Qh7+ {[%clk
00:01:17]} {[%emt 00:00:15]} Kf8 {[%clk 00:00:42]} 35. Rg1 {[%clk 00:01:08]}
{[%emt 00:00:13]} Rc7 {[%clk 00:00:34]} {[%emt 00:00:14]} 36. Qh5 {[%clk
00:01:07]} {[%emt 00:00:05]} Bh6 {[%clk 00:00:36]} {[%emt 00:00:04]} 37. h4
{[%clk 00:00:57]} {[%emt 00:00:15]} Rg7 {[%clk 00:00:25]} {[%emt 00:00:16]} 38.
a4 {[%clk 00:00:47]} {[%emt 00:00:16]} Bxg5 {[%clk 00:00:20]} {[%emt 00:00:10]}
39. hxg5 {[%clk 00:00:41]} {[%emt 00:00:10]} Qf5 {[%clk 00:00:13]} {[%emt
00:00:11]} 40. Rh1 {[%clk 00:00:34]} {[%emt 00:00:14]} Ke7 {[%clk 00:00:15]}
{[%emt 00:00:03]} 41. Qh6 {[%clk 00:00:33]} {[%emt 00:00:05]} Qg6 {[%clk
00:00:15]} {[%emt 00:00:05]} 42. Qh3 {[%clk 00:00:35]} {[%emt 00:00:03]} Rf8
{[%clk 00:00:19]} {[%emt 00:00:02]} 43. Ke2 {[%clk 00:00:35]} {[%emt 00:00:04]}
Rgg8 {[%clk 00:00:15]} {[%emt 00:00:09]} 44. Qg4 {[%clk 00:00:12]} {[%emt
00:00:28]} Be6 {[%clk 00:00:11]} {[%emt 00:00:09]} 45. Qg2 {[%clk 00:00:15]}
{[%emt 00:00:02]} Rh8 {[%clk 00:00:14]} {[%emt 00:00:02]} 46. Rxh8 {[%clk
00:00:18]} {[%emt 00:00:02]} Rxh8 {[%clk 00:00:19]} 47. d5 {[%clk 00:00:22]}
{[%emt 00:00:02]} Qh5+ {[%clk 00:00:22]} {[%emt 00:00:02]} 48. Kd2 {[%clk
00:00:25]} {[%emt 00:00:01]} Qh2 {[%clk 00:00:25]} {[%emt 00:00:03]} 49. Bf6+
{[%clk 00:00:28]} {[%emt 00:00:02]} Ke8 {[%clk 00:00:21]} {[%emt 00:00:07]} 50.
Qe2 {[%clk 00:00:09]} {[%emt 00:00:26]} Qxe2+ {[%clk 00:00:24]} {[%emt
00:00:02]} 0-1

[Event "World Youth & Cadets Rapid Championships"]
[Site "Rhodes, Greece"]
[Date "2022.05.01"]
[Round "4.32"]
[White "Can, Isil"]
[Black "Mirowska, Oliwia"]
[Result "1/2-1/2"]
[TimeControl "10'/game & 5\"/move"]
[WhiteElo "1683"]
[BlackElo "1669"]

1. e4 {[%clk 00:10:09]} {[%emt 00:07:43]} c6 {[%clk 00:10:04]} {[%emt
00:00:05]} 2. d4 {[%clk 00:10:13]} {[%emt 00:00:02]} g6 {[%clk 00:10:08]}
{[%emt 00:00:01]} 3. Nc3 {[%clk 00:10:06]} {[%emt 00:00:13]} Bg7 {[%clk
00:10:09]} {[%emt 00:00:03]} 4. f4 {[%clk 00:10:10]} d6 {[%clk 00:10:12]}
{[%emt 00:00:02]} 5. Nf3 {[%clk 00:10:13]} {[%emt 00:00:02]} Nf6 {[%clk
00:10:16]} {[%emt 00:00:02]} 6. Bd3 {[%clk 00:09:34]} {[%emt 00:00:44]} O-O
{[%clk 00:10:17]} {[%emt 00:00:03]} 7. O-O {[%clk 00:09:37]} {[%emt 00:00:03]}
b5 {[%clk 00:10:18]} {[%emt 00:00:04]} 8. e5 {[%clk 00:09:32]} {[%emt
00:00:10]} dxe5 {[%clk 00:10:09]} {[%emt 00:00:14]} 9. fxe5 {[%clk 00:09:34]}
{[%emt 00:00:02]} Nd5 {[%clk 00:10:11]} {[%emt 00:00:03]} 10. Nxd5 {[%clk
00:09:37]} {[%emt 00:00:02]} Qxd5 {[%clk 00:10:14]} {[%emt 00:00:02]} 11. Kh1
{[%clk 00:09:36]} {[%emt 00:00:06]} Bg4 {[%clk 00:10:09]} {[%emt 00:00:09]} 12.
c3 {[%clk 00:09:38]} {[%emt 00:00:04]} Nd7 {[%clk 00:09:39]} {[%emt 00:00:35]}
13. Qe1 {[%clk 00:09:40]} {[%emt 00:00:01]} Nb6 {[%clk 00:09:36]} {[%emt
00:00:10]} 14. Be4 {[%clk 00:09:39]} {[%emt 00:00:06]} Qd7 {[%clk 00:09:37]}
{[%emt 00:00:04]} 15. Qg3 {[%clk 00:09:28]} {[%emt 00:00:16]} Rad8 {[%clk
00:09:19]} {[%emt 00:00:23]} 16. Bf4 {[%clk 00:09:13]} {[%emt 00:00:20]} Bf5
{[%clk 00:07:36]} {[%emt 00:01:48]} 17. Nd2 {[%clk 00:07:44]} {[%emt 00:01:34]}
Be6 {[%clk 00:05:45]} {[%emt 00:01:56]} 18. Nb3 {[%clk 00:06:48]} {[%emt
00:01:02]} Na4 {[%clk 00:05:16]} {[%emt 00:00:34]} 19. Rab1 {[%clk 00:05:15]}
{[%emt 00:01:37]} Bd5 {[%clk 00:04:53]} {[%emt 00:00:28]} 1/2-1/2

[Event "World Youth & Cadets Rapid Championships"]
[Site "Rhodes, Greece"]
[Date "2022.05.01"]
[Round "4.33"]
[White "Siekanska, Maria"]
[Black "Omonova, Umida"]
[Result "1/2-1/2"]
[TimeControl "10'/game & 5\"/move"]
[WhiteElo "1865"]
[BlackElo "1856"]

1. d4 {[%clk 00:10:09]} {[%emt 00:00:01]} Nf6 {[%clk 00:10:09]} {[%emt
00:00:01]} 2. c4 {[%clk 00:10:12]} {[%emt 00:00:01]} e5 {[%clk 00:10:14]} 3.
dxe5 {[%clk 00:10:14]} {[%emt 00:00:03]} Ng4 {[%clk 00:10:18]} {[%emt
00:00:01]} 4. Bf4 {[%clk 00:10:15]} {[%emt 00:00:03]} Nc6 {[%clk 00:10:22]} 5.
Nf3 {[%clk 00:10:16]} {[%emt 00:00:05]} Bb4+ {[%clk 00:10:26]} 6. Nbd2 {[%clk
00:10:19]} {[%emt 00:00:03]} Qe7 {[%clk 00:10:30]} 7. e3 {[%clk 00:10:18]}
{[%emt 00:00:07]} Ncxe5 {[%clk 00:10:34]} 8. Nxe5 {[%clk 00:10:18]} {[%emt
00:00:07]} Nxe5 {[%emt 00:00:02]} 9. Be2 {[%clk 00:10:10]} {[%emt 00:00:11]} b6
{[%clk 00:10:06]} {[%emt 00:00:38]} 10. O-O {[%clk 00:09:28]} {[%emt 00:00:46]}
Bxd2 {[%clk 00:09:55]} {[%emt 00:00:17]} 11. Qxd2 {[%clk 00:09:30]} {[%emt
00:00:03]} Bb7 {[%clk 00:09:59]} 12. Rfd1 {[%clk 00:09:13]} {[%emt 00:00:22]}
d6 {[%clk 00:09:54]} {[%emt 00:00:11]} 13. b4 {[%clk 00:08:48]} {[%emt
00:00:29]} Ng6 {[%clk 00:09:21]} {[%emt 00:00:58]} 14. Bg3 O-O {[%emt
00:00:09]} 15. Rac1 {[%clk 00:08:22]} {[%emt 00:00:12]} Rfd8 {[%clk 00:09:21]}
16. Qb2 {[%clk 00:08:08]} {[%emt 00:00:24]} a5 {[%emt 00:00:28]} 17. a3 {[%emt
00:00:47]} Nh4 {[%emt 00:00:15]} 18. Bxh4 {[%clk 00:06:23]} {[%emt 00:01:14]}
Qxh4 {[%clk 00:08:46]} {[%emt 00:00:02]} 19. Rd4 {[%clk 00:06:23]} {[%emt
00:00:05]} Qf6 {[%clk 00:08:45]} {[%emt 00:00:06]} 20. Qd2 {[%emt 00:00:06]}
axb4 {[%clk 00:08:25]} {[%emt 00:00:22]} 21. axb4 {[%emt 00:00:16]} Qe7 {[%clk
00:06:48]} {[%emt 00:01:23]} 22. Qb2 Be4 {[%emt 00:01:12]} 23. Rxe4 {[%clk
00:04:55]} {[%emt 00:00:40]} Qxe4 {[%clk 00:06:52]} {[%emt 00:00:01]} 24. Bf3
{[%clk 00:04:59]} Qd3 {[%emt 00:00:09]} 25. Bxa8 {[%clk 00:04:55]} {[%emt
00:00:07]} Rxa8 {[%emt 00:00:16]} 26. Qd4 {[%clk 00:04:40]} {[%emt 00:00:04]}
Qa3 {[%emt 00:00:39]} 27. Rb1 {[%clk 00:04:22]} {[%emt 00:00:14]} h6 {[%emt
00:00:22]} 28. h3 {[%clk 00:04:21]} {[%emt 00:00:04]} Ra4 {[%clk 00:06:16]}
{[%emt 00:00:04]} 29. Qe4 {[%emt 00:00:57]} Rxb4 {[%clk 00:05:32]} {[%emt
00:00:14]} 30. Rxb4 {[%clk 00:04:04]} {[%emt 00:00:05]} Qxb4 {[%clk 00:05:36]}
31. Qe8+ {[%clk 00:04:08]} {[%emt 00:00:01]} Kh7 {[%clk 00:05:40]} {[%emt
00:00:01]} 32. Qxf7 {[%clk 00:04:10]} {[%emt 00:00:03]} Qc5 {[%clk 00:05:45]}
{[%emt 00:00:01]} 33. Qe6 {[%clk 00:03:20]} {[%emt 00:00:55]} Qg5 {[%clk
00:04:44]} {[%emt 00:01:05]} 34. f4 {[%clk 00:02:48]} {[%emt 00:00:36]} Qg3
{[%clk 00:04:13]} {[%emt 00:00:37]} 35. Qe4+ {[%clk 00:02:40]} {[%emt
00:00:12]} Kh8 {[%clk 00:04:09]} {[%emt 00:00:11]} 36. Qe8+ {[%clk 00:02:35]}
{[%emt 00:00:09]} Kh7 {[%clk 00:04:12]} {[%emt 00:00:02]} 37. Qe4+ {[%clk
00:01:59]} {[%emt 00:00:41]} 1/2-1/2

[Event "World Youth & Cadets Rapid Championships"]
[Site "Rhodes, Greece"]
[Date "2022.05.01"]
[Round "4.34"]
[White "Mihelic, Vesna"]
[Black "Starosta, Martyna"]
[Result "0-1"]
[TimeControl "10'/game & 5\"/move"]
[WhiteElo "1924"]
[BlackElo "1889"]

1. e4 {[%clk 00:10:09]} {[%emt 00:00:01]} e6 {[%clk 00:10:09]} {[%emt
00:00:02]} 2. d4 {[%clk 00:10:12]} {[%emt 00:00:01]} d5 {[%clk 00:10:14]}
{[%emt 00:00:01]} 3. exd5 {[%clk 00:10:15]} {[%emt 00:00:01]} exd5 {[%clk
00:10:18]} {[%emt 00:00:01]} 4. Bd3 {[%clk 00:10:18]} {[%emt 00:00:03]} c5
{[%clk 00:10:04]} {[%emt 00:00:19]} 5. c3 {[%clk 00:10:21]} {[%emt 00:00:02]}
Nf6 {[%clk 00:10:07]} {[%emt 00:00:02]} 6. Nf3 {[%clk 00:10:18]} {[%emt
00:00:08]} Nc6 {[%clk 00:09:44]} {[%emt 00:00:28]} 7. O-O {[%clk 00:10:09]}
{[%emt 00:00:13]} c4 {[%clk 00:09:45]} {[%emt 00:00:04]} 8. Bc2 {[%clk
00:09:32]} {[%emt 00:00:42]} Be7 {[%clk 00:09:33]} {[%emt 00:00:18]} 9. b3
{[%clk 00:09:12]} {[%emt 00:00:25]} cxb3 {[%clk 00:08:23]} {[%emt 00:01:14]} 10.
axb3 {[%clk 00:09:15]} {[%emt 00:00:03]} O-O {[%clk 00:08:16]} {[%emt
00:00:11]} 11. Bb2 {[%clk 00:09:04]} {[%emt 00:00:16]} Bg4 {[%clk 00:07:35]}
{[%emt 00:00:47]} 12. Qd3 {[%clk 00:08:15]} {[%emt 00:00:54]} Qc7 {[%clk
00:07:24]} {[%emt 00:00:15]} 13. Nbd2 {[%clk 00:07:44]} {[%emt 00:00:36]} Rac8
{[%clk 00:07:20]} {[%emt 00:00:10]} 14. Bd1 {[%clk 00:07:27]} {[%emt 00:00:21]}
Bd6 {[%clk 00:06:45]} {[%emt 00:00:40]} 15. c4 {[%clk 00:06:42]} {[%emt
00:00:50]} Rfe8 {[%clk 00:06:06]} {[%emt 00:00:44]} 16. Qb1 {[%clk 00:05:50]}
{[%emt 00:00:57]} Bf4 {[%clk 00:04:21]} {[%emt 00:01:50]} 17. h3 {[%clk
00:05:32]} {[%emt 00:00:23]} Bh5 {[%clk 00:04:19]} {[%emt 00:00:08]} 18. cxd5
{[%clk 00:03:58]} {[%emt 00:01:39]} Bg6 {[%clk 00:03:15]} {[%emt 00:01:08]} 19.
Bc2 {[%clk 00:03:39]} {[%emt 00:00:23]} Nxd5 {[%clk 00:02:54]} {[%emt
00:00:27]} 20. Bxg6 {[%clk 00:03:14]} {[%emt 00:00:30]} hxg6 {[%clk 00:02:57]}
{[%emt 00:00:02]} 21. Re1 {[%clk 00:02:41]} {[%emt 00:00:38]} Ncb4 {[%clk
00:02:37]} {[%emt 00:00:25]} 22. Nc4 {[%clk 00:01:20]} {[%emt 00:01:27]} Rxe1+
{[%clk 00:01:47]} {[%emt 00:00:54]} 23. Nxe1 {[%clk 00:01:24]} b5 {[%clk
00:01:21]} {[%emt 00:00:31]} 24. Ne5 {[%clk 00:01:22]} {[%emt 00:00:07]} Bxe5
{[%clk 00:00:56]} {[%emt 00:00:31]} 25. dxe5 {[%clk 00:01:25]} {[%emt
00:00:02]} a6 {[%clk 00:00:57]} {[%emt 00:00:04]} 26. Qe4 {[%clk 00:01:18]}
{[%emt 00:00:10]} Qe7 {[%clk 00:00:31]} {[%emt 00:00:32]} 27. Ba3 {[%clk
00:00:49]} {[%emt 00:00:35]} a5 {[%clk 00:00:23]} {[%emt 00:00:12]} 28. Nd3
{[%clk 00:00:50]} {[%emt 00:00:04]} Qe6 {[%clk 00:00:13]} {[%emt 00:00:16]} 29.
Bxb4 {[%clk 00:00:15]} {[%emt 00:00:40]} Nxb4 {[%clk 00:00:17]} 30. Nxb4 {[%clk
00:00:11]} {[%emt 00:00:09]} axb4 {[%clk 00:00:21]} {[%emt 00:00:01]} 31. Ra7
{[%clk 00:00:11]} {[%emt 00:00:04]} Qxb3 {[%clk 00:00:18]} {[%emt 00:00:08]} 32.
Qb7 {[%clk 00:00:12]} {[%emt 00:00:04]} Qe6 {[%clk 00:00:15]} {[%emt 00:00:09]}
33. Qxb5 {[%clk 00:00:15]} {[%emt 00:00:01]} b3 {[%clk 00:00:19]} {[%emt
00:00:01]} 34. Rb7 {[%clk 00:00:19]} {[%emt 00:00:02]} Kh7 {[%clk 00:00:10]}
{[%emt 00:00:13]} 35. Qxb3 {[%clk 00:00:18]} {[%emt 00:00:06]} Qxe5 {[%clk
00:00:14]} {[%emt 00:00:01]} 36. g3 {[%clk 00:00:10]} {[%emt 00:00:13]} Rc1+
{[%clk 00:00:18]} {[%emt 00:00:02]} 37. Kg2 {[%clk 00:00:14]} {[%emt 00:00:01]}
Qe1 {[%clk 00:00:20]} {[%emt 00:00:02]} 38. g4 {[%clk 00:00:11]} {[%emt
00:00:08]} Qe4+ {[%clk 00:00:20]} {[%emt 00:00:05]} 39. Kg3 {[%clk 00:00:11]}
{[%emt 00:00:04]} Rg1+ {[%clk 00:00:21]} {[%emt 00:00:05]} 40. Kh4 {[%clk
00:00:15]} {[%emt 00:00:01]} Qf4 {[%clk 00:00:13]} {[%emt 00:00:13]} 41. Qxf7
{[%clk 00:00:15]} {[%emt 00:00:05]} Qh6# {[%clk 00:00:17]} {[%emt 00:00:01]}
0-1